Statistics for NBA Draft Busts

Click here to take the quiz!

General Stats

  • This quiz has been taken 231 times
  • The average score is 5 of 15

Answer Stats

Year Team Selection Player % Correct
2007Trail Blazers1Greg Oden
81%
2001Wizards1Kwame Brown
78%
2003Pistons2Darko Miličić
73%
2009Grizzlies2Hasheem Thabeet
49%
2006Bobcats3Adam Morrison
39%
1984Trail Blazers2Sam Bowie
37%
2009Timberwolves6Jonny Flynn
35%
1998Clippers1Michael Olowokandi
34%
2002Bulls2Jay Williams
25%
1989Kings1Pervis Ellison
14%
199376ers2Shawn Bradley
10%
1972Trail Blazers1LaRue Martin
10%
2008Bucks8Joe Alexander
10%
2002Nuggets5Nikoloz Tskitishvili
6%
2002Cavaliers6Dajuan Wagner
6%

Score Distribution

Percentile by Number Answered

Percent of People with Each Score

Your Score History

You have not taken this quiz